000 00469nam a2200133Ia 4500
008 170221s9999 xx 000 0 und d
100 _aShawver, Todd A.
245 2 _aA practitioners’ guide to the new AICPA Code of Professional Conduct
245 _cTodd A. Shawver, Bloomsburg University of Pennsylvania.
260 _bJournal of Management and Marketing Research
260 _c2015
650 _xBusiness
856 _uhttp://www.aabri.com/manuscripts/162407.pdf
999 _c309277
_d309277